| 000 | 00492nam a22001697a 4500 | ||
|---|---|---|---|
| 999 |
_c524109 _d524109 |
||
| 003 | NUST | ||
| 020 | _c(Hbk) | ||
| 038 | _aShaban | ||
| 082 |
_a891.421 _bFAT |
||
| 100 |
_aFatehpuri, Hakeem Mansoor Alam _914932 |
||
| 245 |
_aHaasian dee pand / _cHakeem Mansoor Alam Fatehpuri |
||
| 260 |
_aLayyah-: _bBazm e Hikmat, _c2013. |
||
| 300 | _a112 p. ; | ||
| 880 |
_6100-02\r _aحکیم منصور عالم فتح پوری |
||
| 880 |
_6245-02\r _aہاسیاں دی پَنڈ \ |
||
| 942 |
_2ddc _cBK |
||